Minecraft Mob erraten nach Bild 2 (schwer) - Statistiken

Allgemein
  • Dieses Quiz wurde 942 mal gespielt
  • Das Durchschnittsergebnis liegt bei 12 aus 20
Antwortstatistiken
Bildquiz Antwort % Korrekt
Kuh
96%
Spinne
84%
Biene
83%
Dorfbewohner
82%
Panda
79%
Pilzkuh
79%
Papagei
70%
Silberfisch
69%
Magma Schleim
68%
Piglin Barbar
60%
Eisbär
54%
Händlerlama
53%
Skelett
50%
Skelettpferd
50%
Zombifizierter Piglin
41%
Wächterältester
37%
Zoglin
37%
Händlerlama
36%
Wächter
34%
Maultier
28%
Keine übereinstimmenden Quizze gefunden
Verteilung der Resultate
Anzahl Personen mit jedem Resultat
Perzentil nach korrekt beantworteten Fragen
Ihre Resultats-Entwicklung
Sie haben dieses Quiz noch nicht gespielt